01071cam a22003133a 4500001000500000005001700005008004100022020001700063040003800080050001300118082001200131100001900143245011100162260003500273300003900308490005600347505000800403520009300411521002000504521002000524650003000544650003000574650002100604650002100625650002100646655003100667700002800698700003100726103220230828105343.0961031s1996 nyua j 000 1 eng d a078073003501 aJDPcJDPdJEDdSLCdOCLdDLCbeng00aPZ7.D12804aFic2211 aDadey, Debbie.10aAngels don't know karate /cby Debbie Dadey and Marcia Thornton Jones ; illustrated by John Steven Gurney. aNew York :bScholastic,c1996. a67 pages :billustrations ;c20 cm1 aThe Adventures of the Bailey School kids ;vBook 23 aN  aThe Bailey School kids set out to find out if the new karate teacher is really an angel.8 a570 bLexile 1 aN bRaz-Plus  0aAngelsvJuvenile fiction. 0aKaratevJuvenile fiction. 0aAngelsvFiction. 0aKaratevFiction. 0aKarate teachers. 7aYoung adult fiction.2lcsh1 aJones, Marcia Thornton.1 aGurney, John.4illustrator